Приноси към българската археология (Запис номер 118078)
[ съкратено ]
| 000 -Лидер | |
|---|---|
| Контролно поле с фиксирана дължина | 02028nam a2200421 c 4500 |
| 003 - Код на организацията, давaща контролен номер | |
| Контролно поле | BLK |
| 005 - Дата и час на последна редакция | |
| Контролно поле | 20241012113620.0 |
| 008 - Елементи от данни с фиксирана дължина | |
| fixed length control field | 180409b bul|||||r ||||||| ||bul|| |
| 010 ## - Наследен системен номер | |
| LC control number | KNG00123679000 |
| 020 ## - Международен стандартен номер на книга ISBN | |
| Международен стандартен номер на книга ISBN | 978-954-8761-84-0 |
| -- | издат.: Агато - на том(т. 5) |
| 040 ## - Източник на каталожния запис | |
| Идентификатор на билиотеката - собственик на записа | BLK |
| 041 ## - Код за език | |
| Код за езика на текст/звукозапис или на отделно заглавие | Български |
| Код за езика КДБФ | Български |
| 072 #7 - Код за тематичната категория | |
| Код организация | bullib |
| Код за тематична категория | Н92 |
| Текст | История Н |
| 080 ## - УДК | |
| Текстов определител УДК | Паметници на културата на историческите периоди. Археологическите паметници. Старини |
| УДК код - определител по УДК | 904 |
| УДК определител | (497.2)(063) |
| УДК - код + определител | 904(497.2)(063) |
| 139 ## - Редно поле | |
| Редна дума | Приноси към българската археология |
| Авторски знак | Прил - П 88 |
| 245 10 - Сведения за заглавието | |
| Заглавие | Приноси към българската археология |
| Подзаглавни данни | Дек. дни на бълг. средновековна археология Проф. д-р Станчо Ваклинов : Т. 1 - |
| Том | Т. 5 |
| 257 ## - Страна на издаване | |
| Страна на създаване/издаване | България |
| 260 ## - Област на издателските данни | |
| -- | София |
| Име на издателя, разпространителя и проч. | Аргес |
| Година на издаване | 1992 - |
| 300 ## - Физическа характеристика | |
| Размери/Мащаб | 24 см |
| 380 ## - Жанр | |
| Жанр | История |
| 500 ## - Общи забележки | |
| Забележка | Изд. на БАН. Археол. инст. Секция за средновековна археология, Нац. археол. музей. |
| 650 #4 - Допълнително описание по предмет – тема | |
| Основно описание – тема или топоним | Археологически паметници - България |
| 9 (RLIN) | 244116 |
| 650 #4 - Допълнително описание по предмет – тема | |
| Основно описание – тема или топоним | Археологични находки - България |
| 9 (RLIN) | 273888 |
| 650 #4 - Допълнително описание по предмет – тема | |
| Основно описание – тема или топоним | България - старини |
| 9 (RLIN) | 262139 |
| 651 #4 - Допълнително описание по предмет - топоним | |
| Географско понятие | България |
| 9 (RLIN) | 241624 |
| 653 ## - Ключова дума – ненормативна | |
| Ключова дума | археологически паметници |
| 653 ## - Ключова дума – ненормативна | |
| Ключова дума | археологични находки |
| 653 ## - Ключова дума – ненормативна | |
| Ключова дума | археология |
| 653 ## - Ключова дума – ненормативна | |
| Ключова дума | старини |
| 659 ## - Тематичен бюлетин | |
| Тематичен бюлетин | Н |
| 760 1# - Описание на основната серия | |
| -- | - на том(т. 5) |
| Място на издаване, издател и година | Агато, 2009 |
| Страници - том | 350 с. : с ил., к., табл. |
| Забележка - том | Библиогр. след отд. статии. |
| Заглавие | Т. 5 |
| 852 ## - Местоположение | |
| Форматна сигнатура | Цб 191854 |
| 856 4# - Електронен адрес и достъп | |
| Електронен формат | pdf - файл |
| Път до файла /url/ | |
| 856 4# - Електронен адрес и достъп | |
| Електронен формат | pdf - файл |
| Път до файла /url/ | |
| 942 ## - АРТИКУЛИ | |
| Вид на библиотечния материал | Книги |
| Скрит в OPAC | Не |
| Koha issues (borrowed), all copies | 4 |
| 944 ## - СЪЗДАВАНЕ И РЕДАКЦИЯ на ЗАПИСА | |
| Създаване/Редакция | Създаване |
| Дата на регистрацията/редакция | 20.06.2011 |
| Статус, дата на статуса | Кети Илиева |
| Служител, извършил регистрацията/редакцията | 30550 |
| 944 ## - СЪЗДАВАНЕ И РЕДАКЦИЯ на ЗАПИСА | |
| Създаване/Редакция | Редакция |
| Дата на регистрацията/редакция | 17.04.2015 |
| Статус, дата на статуса | ф / |
| Служител, извършил регистрацията/редакцията | Виолета_Тройчева |
| 999 ## - СИСТЕМНИ КОНТРОЛНИ НОМЕРА | |
| Koha biblionumber | 118078 |
| Koha biblioitemnumber | 118078 |
| Код за отписване | Код за изгубен артикул | Код за повреда | Коз за рестрикции | Код за отдаване | Артикулен № | Име на библиотеката - собственик | Име на библиотеката, в която се намира в момента | Статус (Текущо местоположение) | Дата на вписване в системата | Местоположение - отдел | Цена в лева | Инвентарен номер | Систематично азбучна сигнатура | Баркод | Номер на екземпляра | Цена в евро | Служебна бележка | Служебен тип на артикула |
|---|---|---|---|---|---|---|---|---|---|---|---|---|---|---|---|---|---|---|
| Не е изгубен | Не е повреден | без рестрикции | ползва се в читалня | 190328 | Регионална библиотека "Любен Каравелов" Русе | Регионална библиотека "Любен Каравелов" Русе | Хранилище | 2011-06-16 | Хранилище | 15.00 | 120000751257 | Цб 191854 | 120000751257 | 1 | 7.67 | Дост: Dp Вид: Д N: 2 Дата: 10.01.2011 | Книги | |
| Не е изгубен | Не е повреден | без рестрикции | заемане за дома | 190329 | Регионална библиотека "Любен Каравелов" Русе | Регионална библиотека "Любен Каравелов" Русе | Заемна - подръчен фонд | 2014-01-17 | Заемна - подръчен фонд | 15.00 | 120000773563 | П 904/П 88 | 120000773563 | 2 | 7.67 | Дост: DA Вид: А N: 2 Дата: 17.01.2014 Дата инв: 07.02.2018 Бележки инв: П2018 | Книги |